Auditing : integrated concepts and procedures /
Saved in:
| 主要作者: | |
|---|---|
| 其他作者: | |
| 格式: | 图书 |
| 出版: |
New York :
J. Wiley,
c1994.
|
| 版: | 6th ed. |
| 主题: | |
| 在线阅读: | http://www.loc.gov/catdir/enhancements/fy0608/93036581-d.html http://www.loc.gov/catdir/enhancements/fy0608/93036581-t.html |
| 标签: |
添加标签
没有标签, 成为第一个标记此记录!
|
MARC
| LEADER | 00000cam a2200000 a 4500 | ||
|---|---|---|---|
| 020 | |a 047159039 |c NA | ||
| 040 | |a MUL |b eng. |e AACR | ||
| 082 | 0 | 0 | |a 657.45 TAY |
| 100 | 1 | |a Taylor, Donald H., | |
| 245 | 1 | 0 | |a Auditing : |b integrated concepts and procedures / |c Donald H. Taylor, G. William Glezen. |
| 250 | |a 6th ed. | ||
| 260 | |a New York : |b J. Wiley, |c c1994. | ||
| 300 | |a xxxii, 1023 p. : |b ill. ; |c 25 cm. | ||
| 504 | |a Includes bibliographical references and index. | ||
| 546 | |a eng. | ||
| 650 | 0 | |a Auditing. | |
| 700 | 1 | |a Glezen, G. William. | |
| 856 | 4 | 2 | |u http://www.loc.gov/catdir/enhancements/fy0608/93036581-d.html |
| 856 | 4 | 1 | |u http://www.loc.gov/catdir/enhancements/fy0608/93036581-t.html |
| 942 | |c BK | ||
| 999 | |c 10138 |d 10138 | ||